Thuringia Top 20 Cities by population - Statistics

General Stats
  • This quiz has been taken 25 times
  • The average score is 13 of 20
Answer Stats
Population Answer % Correct
212,988 Erfurt
91%
94,859 Gera
91%
45,589 Gotha
91%
64,426 Weimar
91%
42,710 Eisenach
82%
111,099 Jena
82%
33,127 Mühlhausen
82%
42,014 Nordhausen
82%
35,166 Suhl
82%
32,374 Altenburg
73%
21,126 Meiningen
64%
22,163 Apolda
55%
20,517 Greiz
55%
22,560 Rudolstadt
45%
24,789 Saalfeld
45%
19,265 Schmalkalden
45%
21,768 Sondershausen
45%
24,409 Arnstadt
36%
25,975 Ilmenau
36%
23,756 Sonneberg
36%
No matching quizzes found
Score Distribution
Percent of People with Each Score
Percentile by Number Answered
Your Score History
You have not taken this quiz